| 000 | 00610cam a2200205 a 4500 | ||
|---|---|---|---|
| 001 | 14548726 | ||
| 005 | 20240222000253.0 | ||
| 008 | 060913s2000 ce b 001 0 eng | ||
| 020 | _a95591022507 | ||
| 040 |
_aDLC _cDLC |
||
| 082 |
_222 _a322.4. _bREV. |
||
| 100 | 1 | _aAmarasinghe, Y. Ranjith. | |
| 245 | 1 | 0 |
_aRevolutionary idealism and parliamentary politics : _ba study of Trotskyism in Sri Lanka / _cY. Ranjith Amarasinghe. |
| 260 |
_aColombo : _bSocial Scientists' Association, _c2000. |
||
| 300 | _aiv, 337 p. ; | ||
| 650 | 0 | _aCommunism | |
| 650 | 0 | _aNationalism | |
| 650 | 0 | _aLabor movement | |
| 942 | _cL | ||
| 999 |
_c466 _d466 |
||